000 00480nam a22001817a 4500
005 20230921195243.0
008 230921b |||||||| |||| 00| 0 eng d
020 _a9780619201807
082 _a371.334
_bCAS-I
245 _aIntegrating Technology In the Classroom
_b Teachers Discovering Computers
250 _a3rd.ed.
260 _aUSA
_bThomson
_c2004
300 _a8.58
500 _aInclude Appendix A
650 _aEngineering
700 _aShelly,Cashman
999 _c33672
_d33672